| 000 | 00765nam a2200205 a 4500 | ||
|---|---|---|---|
| 008 | 130516s2007 ||||||||||||||||| || u | ||
| 020 | _a9780702028267 | ||
| 050 | _aRT 65 Wat | ||
| 100 | _aWalsh, Mike | ||
| 245 | 1 | 0 |
_aWatson's clinical nursing and related sciences. (7th ed.) _cedited by Mike Walsh and Alison Crumbie |
| 250 | _a7th ed. | ||
| 260 |
_aEdinburgh: _bBailliere Tindall Elsevier _c2007 |
||
| 300 | _axi, 995p.: ill. | ||
| 500 | _aSCHOOL OF MEDICINE | ||
| 650 | _aSURGICAL NURSING | ||
| 650 | _aNURSING | ||
| 650 | 3 | _aNURSING CARE | |
| 650 | _aPHYSIOLOGY--PATHOLOGICAL | ||
| 995 |
_aMEDICAL LIBRARY OPEN ACCESS _e901989 _FCBU-SCHOOL OF MEDICINE LIBRARY (Ndola) _jRT 65 Wat _M1 _UAVAILABLE _WMay 17, 2013 _y901989 _ZMedical Library Open Access Collection |
||
| 999 |
_c32990 _d32990 |
||